| 000 | 00379nam a2200145 4500 | ||
|---|---|---|---|
| 003 | macl | ||
| 005 | 20191107164320.0 | ||
| 008 | 191107b xxu||||| |||| 00| 0 eng d | ||
| 040 | _cmacl | ||
| 100 |
_aDatta, DR. Bhupendranath _977055 |
||
| 245 | _aSwami Vivekanad, patriot prophet | ||
| 260 |
_aGurgaon _bRudransh Prakashan _c2016 |
||
| 650 |
_aBiography _977056 |
||
| 942 |
_2ddc _cBK |
||
| 999 |
_c61270 _d61270 |
||